| 000 | 00475cam a22001934a 4500 | ||
|---|---|---|---|
| 005 | 20250605164303.0 | ||
| 008 | 250528s ||||||||||||||||||||||||d | ||
| 035 | _a22150 | ||
| 020 | _a97896904699407 | ||
| 040 |
_aGR-AtMCL _bgre _dGR-AtMCL _eAACR2 |
||
| 245 | 1 | _aΑΙΣΘΗΜΑΤΙΚΗ ΑΓΩΓΗ | |
| 250 | _a1 | ||
| 260 |
_bΤο Βημα, _c2011 |
||
| 300 | _a469 | ||
| 700 | 1 |
_aΦλωμπερ Γκυσταβ _98019 |
|
| 942 | _cBK | ||
| 999 |
_c7206 _d7206 |
||